| 000 | 00582nam a22002177a 4500 | ||
|---|---|---|---|
| 003 | OSt | ||
| 005 | 20140310184250.0 | ||
| 008 | 121112t xxu||||| |||| 00| 0 eng d | ||
| 020 | _a0439683874 | ||
| 050 |
_aQL 750 _b.B959We 2004 |
||
| 100 |
_aBurkett, Kathy. _922820 |
||
| 245 |
_aWeird science : _bhow freaky animals got that way / _cKathy Burkett. |
||
| 260 |
_aNew York : _bScholastic Inc,. _c2004. |
||
| 300 |
_a24 p. : _bill. col. ; _c20 cm. |
||
| 521 | _aG5 | ||
| 526 | _c520 | ||
| 942 |
_2lcc _cBK-SCHOLAS |
||
| 999 |
_c33366 _d33366 |
||